000 00922nam a2200241 a 4500
001 000007536
005 20250723150124.0
008 090909s1984 dr 000 p spa d
040 _aDO-SdBNP
_bspa
_cBNPHU
082 _aRD868.44
_bS321t
100 1 _aScheker Hane, Luis,
_d1907-1985
_98237
245 1 0 _aTrazos en las brumas lejanas /
_cLuis Scheker Hane.
260 _aSanto Domingo,
_aONAP,
_c1984.
300 _a65 p. ;
_c21 cm.
490 1 _aLiteratura
_v3
500 _aIncluye datos biográficos de autor en la contrasolapa.
505 0 _aHistoria y trayectoria del Club Libanés-Sirio Palestino, INC. : evocación de las emigraciones --
_tTrazos en las brumas lejanas --
_tSan Carlos en mi vida --
_tCanciones en nuestro baseball.
650 0 _aProsa dominicana
_912146
650 0 _aLiteratura dominicana.
_967
830 0 _aLiteratura
_n3
_920923
910 _aValidado. Control de calidad EMS.
049 _aBNPD
999 _c7317
_d7317